| 000 | 00450pab a2200169 454500 | ||
|---|---|---|---|
| 008 | 180718b2000 xxu||||| |||| 00| 0 eng d | ||
| 100 | _aNavlakha, Gautam | ||
| 245 | _aUrban pollution: driving workers to desperation | ||
| 260 | _c2000 | ||
| 300 | _ap.4469-473 | ||
| 362 | _a16 Dec | ||
| 650 | _aLabour - India - Delhi | ||
| 650 | _aPollution - India - Delhi | ||
| 650 | _aPollution | ||
| 773 | _aEconomic and Political Weekly | ||
| 909 | _a47348 | ||
| 999 |
_c47348 _d47348 |
||